000 00301nam a2200121Ia 4500
008 191201s2015 xx 000 0 und d
100 _aSHARMA,Neelam
245 0 _aReinforced Cement Concrete Design
260 _aN. Delhi
_bS.K. Kataria
_c2015
300 _aNULL
650 _aB.Tech(CE)
942 _2ddc
_cBK
999 _c486
_d486